000 00701nam a22002537a 4500
003 OSt
005 20150506105232.0
008 130219t xxu||||| |||| 00| 0 eng d
020 _a9719308028
050 _aBC 108
_b.Sa23 2002
082 _aFIL 160
_bSa5 2002
100 _aSantiago, Alma Salvador.
245 _aLogic :
_b the art of reasoning (college textbook in logic) /
_cAlma Salvador Santiago.
260 _aQuezon City:
_bJollence Publishing,
_c2002
300 _a348 pages ;
_c22 cm.
500 _aIncludes bibliographical references.
526 _c1210L-1700L
562 _e3
650 _aLogic.
942 _2lcc
_cBK
999 _c283854
_d283854